| 000 | 00391nam a2200181Ia 4500 | ||
|---|---|---|---|
| 008 | 230512s1993 xx 000 0 und d | ||
| 041 | _aeng | ||
| 082 | _a658.01 | ||
| 100 | _aOLENICK A | ||
| 245 | _aMANAGEMENT TO HAVE PROFITS | ||
| 250 | _a1 | ||
| 260 |
_bRUPA & CO. _c1993 |
||
| 300 | _a206 | ||
| 365 | _b60 | ||
| 500 | _aPaper Back | ||
| 520 | _aGeneral | ||
| 650 | _aManagement | ||
| 999 |
_c355766 _d355766 |
||